000 00634nam a2200253Ia 4500
005 20260121161148.0
008 008 260114s9999 xx 000 0 eng d
020 _a9781032659343
037 _aEBOOK
040 _aCRL
040 _beng
040 _cCRL
041 _2eng
041 _aeng
084 _qCRL
100 _aRoss Nelson
_91040979
245 0 _aLetters from India:The Correspondence of Lady Susan Ramsay, 1854–1856
260 _bTaylor and Francis
260 _c2024
856 _uhttp://www.taylorfrancis.com/books/9781032659343
942 _cEBOOK
999 _c1607795
_d1607795